| 000 | 00507nam a2200181 u 4500 | ||
|---|---|---|---|
| 001 | 000789187 | ||
| 003 | AM-YeHGA | ||
| 005 | 20250617144127.0 | ||
| 008 | 110216s1984 ||| r 000 0 rus d | ||
| 040 | _aAM-YeHGA | ||
| 041 | 1 |
_arus _hukr |
|
| 100 | 1 | _aУкраинка, Леся | |
| 245 | 1 | 0 |
_aИзбранное / _cЛеся Украинка. |
| 260 |
_aМосква : _bПравда, _c1984. |
||
| 300 |
_a431 с. : _bил. |
||
| 653 | 0 | _aУкраинская литература | |
| 090 | _c289834 | ||
| 999 |
_c288161 _d288161 |
||